Hammers, nails, planks, and paint : (Record no. 8442)

MARC details
000 -LEADER
fixed length control field 01458nam a2200421 a 4500
001 - CONTROL NUMBER
control field 8442
003 - CONTROL NUMBER IDENTIFIER
control field FISKH
005 - DATE AND TIME OF LATEST TRANSACTION
control field 20250912095709.0
008 - FIXED-LENGTH DATA ELEMENTS--GENERAL INFORMATION
fixed length control field 940520s1994 nyua j 000 0 eng d
010 ## - LIBRARY OF CONGRESS CONTROL NUMBER
LC control number 94201052
020 ## - INTERNATIONAL STANDARD BOOK NUMBER
International Standard Book Number 0590446428 :
Terms of availability $2.50 ($3.50 Can.)
020 ## - INTERNATIONAL STANDARD BOOK NUMBER
International Standard Book Number 9780590446426
020 ## - INTERNATIONAL STANDARD BOOK NUMBER
International Standard Book Number 9780590446426
035 ## - SYSTEM CONTROL NUMBER
System control number 4917192
040 ## - CATALOGING SOURCE
Original cataloging agency OCo
Transcribing agency OCo
Modifying agency DLC
Language of cataloging eng
050 00 - LIBRARY OF CONGRESS CALL NUMBER
Classification number TH4811.5
Item number .J33 1994
082 00 - DEWEY DECIMAL CLASSIFICATION NUMBER
Classification number 690/.837
Edition number 20
100 1# - MAIN ENTRY--PERSONAL NAME
Personal name Jackson, Thomas Campbell.
245 10 - TITLE STATEMENT
Title Hammers, nails, planks, and paint :
Remainder of title how a house is built /
Statement of responsibility, etc. by Thomas Campbell Jackson ; illustrated by Randy Chewning.
260 ## - PUBLICATION, DISTRIBUTION, ETC.
Place of publication, distribution, etc. New York :
Name of publisher, distributor, etc. Cartwheel Books,
Date of publication, distribution, etc. 1994.
300 ## - PHYSICAL DESCRIPTION
Extent 30 unnumbered pages :
Other physical details color illustrations ;
Dimensions 21 cm
336 ## - CONTENT TYPE
Content type term text
Content type code txt
Source rdacontent
337 ## - MEDIA TYPE
Media type term unmediated
Media type code n
Source rdamedia
338 ## - CARRIER TYPE
Carrier type term volume
Carrier type code nc
Source rdacarrier
440 #0 - SERIES STATEMENT/ADDED ENTRY--TITLE
Title Read with me paperbacks
505 ## - FORMATTED CONTENTS NOTE
Formatted contents note R<br/>
520 ## - SUMMARY, ETC.
Summary, etc. A step-by-step description of how a new house is built, from the architect's first blueprint to the day a family moves into their new home.
521 8# - TARGET AUDIENCE NOTE
Target audience note 690<br/>
Source Lexile estimate<br/>
521 8# - TARGET AUDIENCE NOTE
Target audience note R<br/>
Source Raz-Plus<br/>
650 #0 - SUBJECT ADDED ENTRY--TOPICAL TERM
Topical term or geographic name entry element House construction
General subdivision Juvenile literature.
650 #0 - SUBJECT ADDED ENTRY--TOPICAL TERM
Topical term or geographic name entry element Dwellings
General subdivision Juvenile literature.
650 #1 - SUBJECT ADDED ENTRY--TOPICAL TERM
Topical term or geographic name entry element House construction.
650 #1 - SUBJECT ADDED ENTRY--TOPICAL TERM
Topical term or geographic name entry element Dwellings.
700 1# - ADDED ENTRY--PERSONAL NAME
Personal name Chewning, Randy,
Relator term illustrator
906 ## - LOCAL DATA ELEMENT F, LDF (RLIN)
a 7
b cbc
c copycat
d 2
e ncip
f 19
g y-gencatlg
942 ## - ADDED ENTRY ELEMENTS (KOHA)
Source of classification or shelving scheme Dewey Decimal Classification
Koha item type Books
Suppress in OPAC No
Holdings
Withdrawn status Lost status Source of classification or shelving scheme Damaged status Not for loan Collection Home library Current library Shelving location Date acquired Total Checkouts Full call number Barcode Date last seen Price effective from Koha item type
    Dewey Decimal Classification     Non-Fiction Footprints International School Library Network Toul Tom Poung Campus Footprints International School Library Network Toul Tom Poung Campus TTP Primary Orange Bookshelves 09/12/2025   JAC 690.837 TH4811 .J33 FISBK01311 09/12/2025 09/12/2025 Books